[Event "BL 1718 SV Mülheim Nord - DJK Aachen"]
[Site "?"]
[Date "2018.02.03"]
[Round "7.5"]
[White "Nijboer, Friso"]
[Black "Saltaev, Mihail"]
[Result "1/2-1/2"]
[WhiteElo "2510"]
[BlackElo "2471"]
[PlyCount "103"]
[EventDate "2018.??.??"]
[EventType "team-tourn"]

1. e4 c6 2. d4 d5 3. e5 Bf5 4. Nf3 e6 5. Be2 c5 6. Be3 Qb6 7. Nc3 Nc6 8. O-O
Qxb2 9. Qe1 cxd4 10. Bxd4 Nxd4 11. Nxd4 Bb4 12. Rb1 Bxc3 13. Rxb2 Bxe1 14. Rxe1
b6 15. Nxf5 exf5 16. c4 Ne7 17. cxd5 Nxd5 18. Bc4 Nf4 19. Rc2 Ke7 20. g3 Ne6
21. Bxe6 Kxe6 22. Rec1 Rhd8 23. Rc6+ Ke7 24. a4 Rd5 25. Rc7+ Rd7 26. a5 Rb8 27.
a6 b5 28. Rc8 Rb6 29. R1c6 Rxc6 30. Rxc6 Rd1+ 31. Kg2 Kd7 32. Rc5 Rb1 33. h4
Rb3 34. h5 g5 35. Rd5+ Ke8 36. Rc5 Ra3 37. Rxb5 Rxa6 38. Rb7 g4 39. e6 Rxe6 40.
Rxa7 Rh6 41. Ra5 Rxh5 42. f3 gxf3+ 43. Kxf3 Rg5 44. Kf4 h6 45. Rxf5 Rxf5+ 46.
Kxf5 Kf8 47. Kf6 Kg8 48. Ke5 Kg7 49. Kf5 f6 50. g4 Kf7 51. Ke4 Kg6 52. Kf4
1/2-1/2

[Event "BL 1718 SV Mülheim Nord - DJK Aachen"]
[Site "?"]
[Date "2018.02.03"]
[Round "7.6"]
[White "Vrolijk, Liam"]
[Black "van Foreest, Lucas"]
[Result "1-0"]
[WhiteElo "2427"]
[BlackElo "2485"]
[PlyCount "69"]
[EventDate "2018.??.??"]
[EventType "team-tourn"]

1. d4 Nf6 2. c4 e6 3. Nf3 d5 4. g3 Be7 5. Bg2 O-O 6. O-O dxc4 7. Ne5 Nc6 8.
Nxc6 bxc6 9. Na3 Bxa3 10. bxa3 Nd5 11. Qa4 Nb6 12. Qa5 Bb7 13. Rd1 Qd7 14. a4
Rfd8 15. Ba3 e5 16. Qxe5 Re8 17. Qc5 a5 18. e3 f5 19. Rab1 Kh8 20. Rdc1 Qf7 21.
Bh3 Bc8 22. Qxc6 Rb8 23. Qf3 Qg6 24. Rb5 Bd7 25. Rxa5 f4 26. Bxd7 Nxd7 27. exf4
Nb6 28. Re5 Nd7 29. Rxe8+ Rxe8 30. Rxc4 Qb1+ 31. Kg2 Nb6 32. Rxc7 Re1 33. Qa8+
Nxa8 34. Rc8+ Re8 35. Rxe8# 1-0

[Event "BL 1718 SV Mülheim Nord - DJK Aachen"]
[Site "?"]
[Date "2018.02.03"]
[Round "7.7"]
[White "Zaragatski, Ilja"]
[Black "Rezasade, Amir"]
[Result "1-0"]
[WhiteElo "2495"]
[BlackElo "2354"]
[PlyCount "79"]
[EventDate "2018.??.??"]
[EventType "team-tourn"]

1. Nf3 Nf6 2. g3 b5 3. Bg2 Bb7 4. Na3 a6 5. c4 e5 6. b3 Bc5 7. O-O O-O 8. cxb5
e4 9. Nh4 d5 10. d4 Bb6 11. bxa6 Bxa6 12. Nc2 Re8 13. a4 Bc8 14. f3 exf3 15.
Nxf3 Ne4 16. Bb2 Nc6 17. b4 Ba7 18. Nd2 Ng5 19. e3 g6 20. h4 Ne4 21. Nxe4 dxe4
22. b5 Na5 23. Nb4 Qd6 24. Qe1 Nc4 25. Bc1 Bb7 26. Ra2 Bb6 27. Qc3 Bd5 28. Rf6
Re6 29. Nxd5 Qxd5 30. Rxe6 Qxe6 31. Qb3 Qd5 32. Kh2 Nxe3 33. Qxd5 Nxd5 34. Bxe4
Rd8 35. Bg5 Nc3 36. Bxd8 Nxa2 37. d5 Nc3 38. d6 Nxe4 39. Bxc7 Bc5 40. d7 1-0

[Event "BL 1718 SV Mülheim Nord - DJK Aachen"]
[Site "?"]
[Date "2018.02.03"]
[Round "7.8"]
[White "Buckels, Valentin"]
[Black "Donchenko, Alexander"]
[Result "0-1"]
[WhiteElo "2335"]
[BlackElo "2583"]
[PlyCount "80"]
[EventDate "2018.??.??"]
[EventType "team-tourn"]

1. d4 Nf6 2. c4 e6 3. Nf3 d5 4. g3 dxc4 5. Qa4+ Nbd7 6. Bg2 a6 7. Qxc4 b5 8.
Qc6 Rb8 9. Bf4 Bb7 10. Qxc7 Qxc7 11. Bxc7 Bb4+ 12. Nbd2 Rc8 13. Bf4 Rc2 14. a3
Bxd2+ 15. Bxd2 O-O 16. Rc1 Rxb2 17. Bb4 Ra8 18. O-O Rxe2 19. Rc7 Bd5 20. Rfc1
Nb6 21. Ne5 Bxg2 22. Kxg2 Nfd5 23. R7c6 f6 24. Nd3 Nc4 25. Kf1 Re4 26. Nc5 Rxd4
27. Nxe6 Re4 28. Nc5 Nxb4 29. axb4 Nd2+ 30. Kg2 Rxb4 31. Nxa6 Rb2 32. Re1 Ra7
33. Re2 Nc4 34. Re8+ Kf7 35. Rb8 Ne3+ 36. Kf3 Nd1 37. h4 Rxf2+ 38. Kg4 Ne3+ 39.
Kh3 h5 40. Rxb5 Nf1 0-1

[Event "BL 1718 FC Bayern München - SK Schwäb"]
[Site "?"]
[Date "2018.02.03"]
[Round "7.1"]
[White "Rodshtein, Maxim"]
[Black "Dragnev, Valentin"]
[Result "0-1"]
[WhiteElo "2689"]
[BlackElo "2461"]
[PlyCount "100"]
[EventDate "2018.??.??"]
[EventType "team-tourn"]

1. e4 e5 2. Nf3 Nc6 3. Bc4 Bc5 4. c3 Nf6 5. d3 d6 6. O-O h6 7. Re1 O-O 8. Nbd2
a5 9. Nf1 Be6 10. Bb5 Ne7 11. d4 exd4 12. cxd4 Bb6 13. Ng3 d5 14. e5 Ne4 15.
Nxe4 dxe4 16. Rxe4 Qd5 17. Bd3 c5 18. Bxh6 gxh6 19. Qd2 Kg7 20. Rh4 Rh8 21. Qf4
Bd8 22. Qf6+ Kg8 23. Rxh6 Rxh6 24. Qxh6 Bf5 25. Qg5+ Bg6 26. h4 Nf5 27. Qg4
Nxd4 28. Bxg6 Nxf3+ 29. gxf3 fxg6 30. Qxg6+ Kf8 31. Qh6+ Ke7 32. Qf6+ Ke8 33.
Qh8+ Kd7 34. Re1 Ra6 35. Qg7+ Be7 36. f4 Qf3 37. Qf7 Qg4+ 38. Kf1 Rg6 39. f5
Qg2+ 40. Ke2 Qe4+ 41. Kd2 Qf4+ 42. Kd1 Rb6 43. Re2 Rb4 44. Qe6+ Kd8 45. f6 Rd4+
46. Kc2 Bf8 47. b3 Qf3 48. Rd2 Qe4+ 49. Kd1 Rxd2+ 50. Kxd2 Bh6+ 0-1

[Event "BL 1718 FC Bayern München - SK Schwäb"]
[Site "?"]
[Date "2018.02.03"]
[Round "7.2"]
[White "Studer, Noel"]
[Black "Laznicka, Viktor"]
[Result "0-1"]
[WhiteElo "2481"]
[BlackElo "2658"]
[PlyCount "132"]
[EventDate "2018.??.??"]
[EventType "team-tourn"]

1. d4 f5 2. g3 Nf6 3. Bg2 g6 4. Nf3 Bg7 5. O-O O-O 6. c4 d6 7. Nc3 c6 8. Qb3
Na6 9. Rd1 h6 10. c5+ Kh7 11. Qa3 Nc7 12. Bf4 Ne4 13. h4 Ne6 14. Bc1 d5 15. e3
g5 16. Ne2 Qe8 17. hxg5 hxg5 18. Ne1 Qh5 19. f3 Rf6 20. g4 fxg4 21. fxe4 g3 22.
Nxg3 Qxd1 23. Qc3 Nxc5 24. e5 Na4 25. Qd3+ Qxd3 26. Nxd3 Rf7 27. e4 Nb6 28. a4
a5 29. Ra3 g4 30. Rb3 Nxa4 31. exd5 cxd5 32. Bxd5 e6 33. Be4+ Kg8 34. Nf2 Rc7
35. Be3 Ra6 36. Nxg4 Rb6 37. Ra3 Nxb2 38. Bg5 a4 39. Ra1 Rb4 40. Ne2 b6 41.
Nf6+ Bxf6 42. Bxf6 Bb7 43. Bg6 Ba6 44. Nf4 Rxd4 45. Nxe6 Rg4+ 46. Kh2 Rxg6 47.
Nxc7 Bc4 48. Be7 Bb3 49. Rf1 Rc6 50. Nb5 Nd3 51. Rf5 Rc2+ 52. Kg3 Re2 53. Bd6
Bc4 54. Nd4 Re3+ 55. Kh2 Nc5 56. Rg5+ Kh7 57. Nf5 Re2+ 58. Kh3 Be6 59. Kh4 Bxf5
60. Rxf5 a3 61. Rf7+ Kg6 62. Ra7 a2 63. Bxc5 bxc5 64. Kg4 c4 65. Ra6+ Kf7 66.
Kf3 Rb2 0-1

[Event "BL 1718 FC Bayern München - SK Schwäb"]
[Site "?"]
[Date "2018.02.03"]
[Round "7.3"]
[White "Cornette, Matthieu"]
[Black "Johansson, Linus"]
[Result "1-0"]
[WhiteElo "2612"]
[BlackElo "2452"]
[PlyCount "47"]
[EventDate "2018.??.??"]
[EventType "team-tourn"]

1. c4 e5 2. Nc3 Nf6 3. Nf3 Nc6 4. e4 Bc5 5. Nxe5 Nxe5 6. d4 Bb4 7. dxe5 Nxe4 8.
Qf3 d5 9. Be2 O-O 10. O-O Bxc3 11. bxc3 Re8 12. Bf4 f6 13. cxd5 fxe5 14. Qxe4
exf4 15. Qf3 Qd6 16. Rab1 a5 17. Bd3 b6 18. Bxh7+ Kf8 19. Bd3 Bd7 20. h4 Qh6
21. Rfd1 Qxh4 22. Bg6 Kg8 23. d6 cxd6 24. Rxd6 1-0

[Event "BL 1718 FC Bayern München - SK Schwäb"]
[Site "?"]
[Date "2018.02.03"]
[Round "7.4"]
[White "Fedorovsky, Michael"]
[Black "Michalik, Peter"]
[Result "0-1"]
[WhiteElo "2469"]
[BlackElo "2548"]
[PlyCount "94"]
[EventDate "2018.??.??"]
[EventType "team-tourn"]

1. d4 Nf6 2. c4 g6 3. Nc3 d5 4. cxd5 Nxd5 5. e4 Nxc3 6. bxc3 Bg7 7. Bc4 c5 8.
Ne2 Nc6 9. Be3 O-O 10. O-O Na5 11. Bb5 b6 12. Rc1 Bb7 13. dxc5 Qc7 14. cxb6
axb6 15. c4 Bxe4 16. Nc3 Bxc3 17. Rxc3 Nb7 18. Qd7 Qxd7 19. Bxd7 Rfd8 20. Bb5
Rd6 21. a4 Bc6 22. Bf4 Re6 23. Re3 Bxb5 24. Rxe6 fxe6 25. axb5 Ra4 26. Rc1 Na5
27. Bg5 Kf7 28. c5 bxc5 29. Kf1 Nb3 30. Rc3 Rb4 31. Rf3+ Ke8 32. Be3 Nd4 33.
Bxd4 cxd4 34. Rh3 h5 35. Rg3 Kf7 36. Rf3+ Kg7 37. Rf4 e5 38. Re4 Kf6 39. f4
exf4 40. Rxf4+ Ke5 41. Rf7 Ke6 42. Rf4 Kd5 43. Rf7 e5 44. Rg7 Rxb5 45. Rxg6 Rb2
46. Rg5 d3 47. Ke1 Kd4 0-1

[Event "BL 1718 FC Bayern München - SK Schwäb"]
[Site "?"]
[Date "2018.02.03"]
[Round "7.5"]
[White "Le Roux, Jean-Pierre"]
[Black "Lindgren, Philip"]
[Result "1-0"]
[WhiteElo "2555"]
[BlackElo "2405"]
[PlyCount "79"]
[EventDate "2018.??.??"]
[EventType "team-tourn"]

1. e4 e5 2. Nf3 Nc6 3. Bb5 a6 4. Ba4 Nf6 5. O-O Be7 6. d3 b5 7. Bb3 d6 8. a3
Be6 9. Nc3 Nd4 10. Nxd4 exd4 11. Ne2 Bxb3 12. cxb3 c5 13. Ng3 O-O 14. Nf5 Re8
15. Bg5 h6 16. Bxh6 gxh6 17. Nxh6+ Kh7 18. Nxf7 Qd7 19. f4 Kg6 20. Ng5 Ng4 21.
Ne6 Kf7 22. f5 Nf6 23. Rf4 Rh8 24. Ng5+ Kg7 25. Qf3 Rag8 26. Re1 Kf8 27. h4 Nh5
28. f6 Nxf4 29. fxe7+ Kxe7 30. Qxf4 Rf8 31. Qg3 Kd8 32. e5 Kc7 33. exd6+ Kb6
34. b4 cxb4 35. axb4 Qf5 36. Re4 Qf1+ 37. Kh2 Rf2 38. d7 Kb7 39. Rxd4 Qe1 40.
d8=Q 1-0

[Event "BL 1718 FC Bayern München - SK Schwäb"]
[Site "?"]
[Date "2018.02.03"]
[Round "7.6"]
[White "Meister, Peter"]
[Black "Womacka, Mathias"]
[Result "1/2-1/2"]
[WhiteElo "2358"]
[BlackElo "2436"]
[PlyCount "42"]
[EventDate "2018.??.??"]
[EventType "team-tourn"]

1. d4 Nf6 2. Nf3 e6 3. e3 c5 4. Bd3 Nc6 5. O-O d5 6. b3 cxd4 7. exd4 Be7 8. Bb2
O-O 9. Nbd2 b6 10. a3 Bb7 11. Qe2 Rc8 12. Rfe1 Qc7 13. Rac1 Rfe8 14. Ne5 Bf8
15. f4 g6 16. Rf1 Nd7 17. Rce1 f5 18. Nxd7 Qxd7 19. Nf3 Bd6 20. Ne5 Qe7 21. b4
a5 1/2-1/2

[Event "BL 1718 FC Bayern München - SK Schwäb"]
[Site "?"]
[Date "2018.02.03"]
[Round "7.7"]
[White "Zeller, Frank"]
[Black "Rafiee, Makan"]
[Result "1-0"]
[WhiteElo "2382"]
[BlackElo "2348"]
[PlyCount "51"]
[EventDate "2018.??.??"]
[EventType "team-tourn"]

1. d4 Nf6 2. c4 e6 3. Nc3 Bb4 4. e3 b6 5. Bd3 Bb7 6. Nge2 O-O 7. a3 Be7 8. e4
d5 9. cxd5 exd5 10. e5 Ne4 11. Qc2 f5 12. Nf4 Nxc3 13. bxc3 Bc8 14. c4 dxc4 15.
Bxc4+ Kh8 16. Bb2 Qe8 17. h4 Ba6 18. Rc1 Qc6 19. Bd5 Qh6 20. g3 c6 21. Bf3 Bb5
22. h5 Bg5 23. Ng6+ hxg6 24. hxg6 Bxc1 25. Bxc1 Qxh1+ 26. Bxh1 1-0

[Event "BL 1718 FC Bayern München - SK Schwäb"]
[Site "?"]
[Date "2018.02.03"]
[Round "7.8"]
[White "Unzicker, Ferdinand"]
[Black "Zpevak, Pavel"]
[Result "1/2-1/2"]
[WhiteElo "2323"]
[BlackElo "2341"]
[PlyCount "80"]
[EventDate "2018.??.??"]
[EventType "team-tourn"]

1. d4 Nf6 2. c4 e6 3. Nc3 Bb4 4. e3 O-O 5. Bd3 d5 6. Nf3 c5 7. O-O Nc6 8. a3
Bxc3 9. bxc3 dxc4 10. Bxc4 Qc7 11. Ba2 b6 12. Re1 e5 13. e4 cxd4 14. cxd4 Bg4
15. d5 Nd4 16. Bb2 Nxf3+ 17. gxf3 Bh3 18. Rc1 Qe7 19. d6 Qe8 20. Rc7 Qb5 21.
Bc3 Rad8 22. a4 Qe8 23. Re7 Qc6 24. Bxe5 Ne8 25. Bd5 Qc5 26. Qd2 Rxd6 27. Bxf7+
Kh8 28. Bxd6 Nxd6 29. Be6 Nc4 30. Bxc4 Qxe7 31. Rd1 h6 32. Qe3 Rf6 33. Bf1 Bxf1
34. Rxf1 Qf7 35. Kg2 Rg6+ 36. Kh1 Rf6 37. Kg2 Rg6+ 38. Kh1 Rf6 39. Kg2 Rg6+ 40.
Kh1 Rf6 1/2-1/2

[Event "BL 1718 MSA Zugzwang - SF Deizisau"]
[Site "?"]
[Date "2018.02.03"]
[Round "7.1"]
[White "Bluebaum, Matthias"]
[Black "Mons, Leon"]
[Result "1/2-1/2"]
[WhiteElo "2635"]
[BlackElo "2529"]
[PlyCount "99"]
[EventDate "2018.??.??"]
[EventType "team-tourn"]

1. d4 Nf6 2. c4 e6 3. Nf3 d5 4. g3 Be7 5. Bg2 O-O 6. O-O dxc4 7. Qc2 a6 8. a4
Bd7 9. Rd1 Bc6 10. Nc3 Bb4 11. Bg5 Bxc3 12. Qxc3 Ne4 13. Bxd8 Nxc3 14. bxc3
Rxd8 15. Ne5 Bxg2 16. Kxg2 Nc6 17. Nxc4 b5 18. Ne3 Ne7 19. Ra3 f6 20. axb5 axb5
21. Rda1 Rxa3 22. Rxa3 Kf8 23. Nc2 Rc8 24. e4 Ke8 25. Ra5 c6 26. Ne1 Rd8 27.
Nc2 e5 28. dxe5 fxe5 29. Ne1 Kf7 30. Kf3 Ke6 31. Ke2 g5 32. f3 h5 33. Nd3 h4
34. Nc5+ Kf6 35. Ke3 Rd1 36. Nd3 Rh1 37. Ra7 Rxh2 38. gxh4 gxh4 39. Nxe5 Kxe5
40. Rxe7+ Kd6 41. Rh7 Rc2 42. Kd3 Rf2 43. Ke3 Rc2 44. Rh6+ Kc5 45. Kd3 Rf2 46.
Rh5+ Kd6 47. Ke3 Rc2 48. Kd3 Rf2 49. Ke3 Rc2 50. Kd3 1/2-1/2

[Event "BL 1718 MSA Zugzwang - SF Deizisau"]
[Site "?"]
[Date "2018.02.03"]
[Round "7.2"]
[White "Kindermann, Stefan"]
[Black "Meier, Georg"]
[Result "1/2-1/2"]
[WhiteElo "2495"]
[BlackElo "2647"]
[PlyCount "92"]
[EventDate "2018.??.??"]
[EventType "team-tourn"]

1. e4 e6 2. Qe2 Be7 3. g3 d5 4. d3 dxe4 5. dxe4 e5 6. Nf3 Nc6 7. Bg2 Nf6 8. c3
O-O 9. b4 Be6 10. O-O Nd7 11. Rd1 Qb8 12. Na3 f6 13. Nh4 Re8 14. Nf5 Bf8 15.
Ne3 a6 16. Nac2 Nd8 17. f4 Qc8 18. f5 Bf7 19. g4 b5 20. h4 Nb7 21. g5 Nd6 22.
Qg4 Kh8 23. g6 Bg8 24. gxh7 Bxh7 25. Qe2 Nb6 26. Bf3 Qb7 27. Ng4 Qc6 28. h5 Nf7
29. Be3 Rad8 30. Rxd8 Rxd8 31. Rc1 Nc4 32. Bg2 Nxe3 33. Ncxe3 Bxb4 34. Nd5 Bf8
35. c4 Qc5+ 36. Kh1 b4 37. h6 Rd6 38. hxg7+ Bxg7 39. Nf2 c6 40. Nd3 Qd4 41. c5
Rd7 42. N3xb4 Nd8 43. Qh5 cxd5 44. Qe8+ Bg8 45. Qxd7 Qxb4 46. Qxd8 Qd2 1/2-1/2

[Event "BL 1718 MSA Zugzwang - SF Deizisau"]
[Site "?"]
[Date "2018.02.03"]
[Round "7.3"]
[White "Heimann, Andreas"]
[Black "Bromberger, Stefan"]
[Result "1/2-1/2"]
[WhiteElo "2582"]
[BlackElo "2482"]
[PlyCount "96"]
[EventDate "2018.??.??"]
[EventType "team-tourn"]

1. d4 Nf6 2. c4 e6 3. Nf3 d5 4. Nc3 c5 5. cxd5 Nxd5 6. e4 Nxc3 7. bxc3 cxd4 8.
cxd4 Bb4+ 9. Bd2 Bxd2+ 10. Qxd2 O-O 11. Rc1 Nc6 12. Bb5 Bd7 13. O-O Ne5 14. Be2
Nxf3+ 15. Bxf3 Rc8 16. d5 Qf6 17. Qa5 Qd4 18. Rb1 exd5 19. exd5 b5 20. Rfd1 Qb6
21. Qxb6 axb6 22. d6 Rfe8 23. Bd5 g5 24. h4 h6 25. hxg5 hxg5 26. Rb3 Re5 27.
Ra3 Rce8 28. Ra7 Re1+ 29. Rxe1 Rxe1+ 30. Kh2 Rd1 31. Bxf7+ Kxf7 32. Rxd7+ Ke6
33. Rg7 Kf5 34. Rd7 Ke6 35. Rd8 Rd2 36. Re8+ Kd7 37. Re5 Rxf2 38. Rxb5 Rxa2 39.
Rxb6 Ra3 40. Rb5 Kxd6 41. Rxg5 Ke6 42. Rg3 Ra8 43. Rf3 Rh8+ 44. Kg3 Rg8+ 45.
Kf2 Rg6 46. Rf4 Ke5 47. Kf3 Rxg2 48. Kxg2 Kxf4 1/2-1/2

[Event "BL 1718 MSA Zugzwang - SF Deizisau"]
[Site "?"]
[Date "2018.02.03"]
[Round "7.4"]
[White "Hertneck, Gerald"]
[Black "Kozul, Zdenko"]
[Result "1/2-1/2"]
[WhiteElo "2493"]
[BlackElo "2625"]
[PlyCount "126"]
[EventDate "2018.??.??"]
[EventType "team-tourn"]

1. d4 Nf6 2. c4 g6 3. Nc3 Bg7 4. e4 d6 5. Nf3 O-O 6. Be2 c6 7. O-O e5 8. dxe5
dxe5 9. Qxd8 Rxd8 10. Nxe5 Nxe4 11. Nxe4 Bxe5 12. Bg5 Re8 13. Bf3 Bf5 14. Rfd1
Bxe4 15. Bxe4 Na6 16. Bf3 Nc5 17. Rab1 Ne6 18. Be3 Red8 19. b4 Nd4 20. b5 Rac8
21. bxc6 Nxf3+ 22. gxf3 Rxd1+ 23. Rxd1 Rxc6 24. Rd7 Rxc4 25. Rxb7 a6 26. Re7
Bf4 27. Bxf4 Rxf4 28. Kg2 Ra4 29. Re2 Kg7 30. Kg3 g5 31. f4 Rxf4 32. Re5 Kg6
33. Ra5 Rf6 34. h4 gxh4+ 35. Kxh4 Kg7 36. Kg3 Rg6+ 37. Kh3 Kf8 38. f4 Ke7 39.
Kh4 h6 40. Kh5 Rc6 41. Re5+ Kf8 42. Ra5 Kg7 43. f5 Kf8 44. Re5 Rb6 45. Ra5 Kg7
46. Kg4 Rb4+ 47. Kg3 Kf6 48. Rxa6+ Kg5 49. f6 Rb5 50. Ra8 Kxf6 51. a4 Rb3+ 52.
Kh4 Ke5 53. Kh5 Rh3+ 54. Kg4 Ra3 55. a5 f5+ 56. Kh5 Kf4 57. Kxh6 Kg4 58. a6 f4
59. a7 Ra6+ 60. Kh7 Kh5 61. Kg7 Kg4 62. Kh8 Kf3 63. Kg8 Ra5 1/2-1/2

[Event "BL 1718 MSA Zugzwang - SF Deizisau"]
[Site "?"]
[Date "2018.02.03"]
[Round "7.5"]
[White "Graf, Alexander"]
[Black "Zysk, Robert"]
[Result "0-1"]
[WhiteElo "2585"]
[BlackElo "2416"]
[PlyCount "76"]
[EventDate "2018.??.??"]
[EventType "team-tourn"]

1. d4 e6 2. c4 Bb4+ 3. Bd2 Bxd2+ 4. Qxd2 Nf6 5. Nc3 d5 6. cxd5 exd5 7. e3 Bf5
8. Nge2 Nbd7 9. f3 Qe7 10. Nf4 Nb6 11. g4 g5 12. Ng2 Bg6 13. h4 gxh4 14. Nxh4
O-O-O 15. O-O-O Rhe8 16. Re1 Kb8 17. g5 Nh5 18. Rg1 a6 19. Bd3 Ng7 20. f4 Bxd3
21. Qxd3 Nc4 22. Nf3 Qd6 23. Ne5 Nxe5 24. dxe5 Qg6 25. Rd1 Nf5 26. Ne2 c5 27.
Ng3 Nxg3 28. Rxg3 Qe6 29. Qxh7 d4 30. b3 d3 31. Qe4 c4 32. bxc4 Rc8 33. Qxd3
Rxc4+ 34. Kb1 Ka8 35. g6 Rec8 36. g7 Qb6+ 37. Ka1 Rc1+ 38. Qb1 Qxb1# 0-1

[Event "BL 1718 MSA Zugzwang - SF Deizisau"]
[Site "?"]
[Date "2018.02.03"]
[Round "7.6"]
[White "Hoffmeyer, Falk"]
[Black "Dautov, Rustem"]
[Result "0-1"]
[WhiteElo "2345"]
[BlackElo "2596"]
[PlyCount "102"]
[EventDate "2018.??.??"]
[EventType "team-tourn"]

1. d4 d5 2. Bf4 Nf6 3. e3 c5 4. Nf3 Nc6 5. Nbd2 cxd4 6. exd4 Bg4 7. c3 e6 8.
Qb3 Qc8 9. Nh4 Be7 10. h3 Bh5 11. g4 Bg6 12. Nxg6 hxg6 13. Bg2 a6 14. O-O O-O
15. Qd1 Ne8 16. Qe2 Qd8 17. Bg3 Nd6 18. f4 Re8 19. Nb3 Nc4 20. Nc1 b5 21. a3 a5
22. Nd3 Rc8 23. Be1 b4 24. axb4 axb4 25. Qf3 bxc3 26. bxc3 Bh4 27. Bxh4 Qxh4
28. Rf2 Nd6 29. Nc5 Ra8 30. Rc1 Ra3 31. Qd3 Na5 32. Qe2 Nac4 33. Qd3 Rea8 34.
Rcc2 Ra1+ 35. Kh2 Re1 36. Rfe2 Raa1 37. Qf3 Red1 38. Rf2 Re1 39. Rfe2 Rac1 40.
Rxc1 Rxc1 41. Nb3 Rb1 42. Nc5 Ra1 43. Nd3 Ra3 44. Ne5 Nxe5 45. dxe5 Ne4 46. Re3
Qe7 47. Rd3 g5 48. Qe3 gxf4 49. Qd4 Ra2 50. c4 Qb4 51. cxd5 f3 0-1

[Event "BL 1718 MSA Zugzwang - SF Deizisau"]
[Site "?"]
[Date "2018.02.03"]
[Round "7.7"]
[White "Schlosser, Philipp"]
[Black "Eichler, Christoph"]
[Result "1/2-1/2"]
[WhiteElo "2515"]
[BlackElo "2303"]
[PlyCount "109"]
[EventDate "2018.??.??"]
[EventType "team-tourn"]

1. Nf3 d5 2. g3 Nf6 3. Bg2 e6 4. O-O Be7 5. c4 O-O 6. d4 dxc4 7. Qc2 a6 8. Qxc4
b5 9. Qc2 Bb7 10. Bd2 Be4 11. Qc1 Bd6 12. Rd1 Nbd7 13. Ba5 Rc8 14. Nbd2 Ba8 15.
b4 Qe7 16. a3 e5 17. Nb3 Rfe8 18. e3 Bd5 19. Qb2 exd4 20. Nbxd4 g6 21. a4 bxa4
22. Rxa4 c5 23. bxc5 Nxc5 24. Raa1 Rb8 25. Qe2 Qb7 26. Qf1 Bf8 27. Rdb1 Qa8 28.
Rxb8 Rxb8 29. h3 Qb7 30. Rc1 Be4 31. Nd2 Bxg2 32. Qxg2 Qxg2+ 33. Kxg2 Rb2 34.
Ra1 Nfe4 35. Nxe4 Nxe4 36. Be1 Rb6 37. g4 Nc5 38. Ba5 Rb7 39. Kf3 Nb3 40. Nxb3
Rxb3 41. Rc1 Rb5 42. Bd8 Rb8 43. Ba5 Rb5 44. Ra1 Bg7 45. Ra4 h6 46. Bd8 Rb8 47.
Bc7 Rc8 48. Bb6 Rc6 49. Rxa6 Rf6+ 50. Ke4 Rxf2 51. Ra8+ Kh7 52. Ra7 Kg8 53.
Ra8+ Kh7 54. Ra7 Kg8 55. Ra8+ 1/2-1/2

[Event "BL 1718 MSA Zugzwang - SF Deizisau"]
[Site "?"]
[Date "2018.02.03"]
[Round "7.8"]
[White "Lammers, Markus"]
[Black "Zilka, Stepan"]
[Result "1-0"]
[WhiteElo "2305"]
[BlackElo "2527"]
[PlyCount "89"]
[EventDate "2018.??.??"]
[EventType "team-tourn"]

1. Nf3 d5 2. c4 e6 3. d4 a6 4. cxd5 exd5 5. Nc3 Nf6 6. Bg5 Be6 7. e3 Nbd7 8.
Bd3 Bd6 9. O-O O-O 10. Qc2 h6 11. Bh4 c6 12. Rab1 Qc7 13. b4 Bg4 14. Bg3 Bxf3
15. gxf3 Nb6 16. e4 Bxg3 17. hxg3 dxe4 18. fxe4 Rad8 19. Ne2 Rfe8 20. b5 axb5
21. Rxb5 Nxe4 22. Rfb1 Nd2 23. Rxb6 Nxb1 24. Rxb1 Re7 25. Bh7+ Kh8 26. Be4 Qd6
27. Bf3 Qf6 28. Kg2 g6 29. Rb6 h5 30. d5 h4 31. gxh4 Qxh4 32. dxc6 bxc6 33.
Rxc6 Qg5+ 34. Ng3 Qd2 35. Qc5 Qe1 36. a4 Kg7 37. Qg5 Qe5 38. Nf5+ Qxf5 39. Qxe7
Rd3 40. Qe4 Qg5+ 41. Kf1 Rd8 42. Qe3 Qh4 43. a5 Qh3+ 44. Kg1 Qf5 45. Rc5 1-0

[Event "BL 1718 Speyer-Schwegenheim-Norderstedt"]
[Site "Norderstedt"]
[Date "2018.02.04"]
[Round "8.1"]
[White "Olszewski, Michal"]
[Black "Oleksiyenko, Mykhaylo"]
[Result "1/2-1/2"]
[WhiteElo "2551"]
[BlackElo "2615"]
[PlyCount "60"]
[EventDate "2018.??.??"]
[EventType "team-tourn"]
[EventRounds "15"]
[EventCountry "GER"]

1. Nf3 Nf6 2. c4 c6 3. e3 g6 4. b3 Bg7 5. Bb2 O-O 6. d4 d6 7. Nbd2 Nbd7 8. Qc2
a5 9. Rc1 Re8 10. c5 d5 11. h3 b6 12. cxb6 Bb7 13. Be2 Qxb6 14. O-O Rec8 15.
Qb1 c5 16. Qa1 Ba6 17. Bxa6 Qxa6 18. Ne5 Nxe5 19. dxe5 Nd7 20. e6 Bxb2 21.
exf7+ Kxf7 22. Qxb2 a4 23. Qc3 axb3 24. axb3 e5 25. Rfd1 Qe6 26. Nf3 h6 27. Qd2
Nf6 28. Qb2 Nd7 29. Qd2 Nf6 30. Qb2 Nd7 1/2-1/2

[Event "BL 1718 Speyer-Schwegenheim-Norderstedt"]
[Site "Norderstedt"]
[Date "2018.02.04"]
[Round "8.2"]
[White "Neiksans, Arturs"]
[Black "Trent, Lawrence"]
[Result "1/2-1/2"]
[WhiteElo "2584"]
[BlackElo "2435"]
[PlyCount "56"]
[EventDate "2018.??.??"]
[EventType "team-tourn"]
[EventRounds "15"]
[EventCountry "GER"]

1. e4 e5 2. Nf3 Nc6 3. Bc4 Bc5 4. c3 Nf6 5. d3 a6 6. Nbd2 d6 7. Bb3 Ba7 8. Nf1
h6 9. Ng3 O-O 10. O-O Be6 11. d4 exd4 12. cxd4 Bg4 13. Be3 d5 14. e5 Ne4 15.
Bc2 f5 16. exf6 Qxf6 17. Nxe4 dxe4 18. Bxe4 Kh8 19. Qb3 Bxf3 20. Bxf3 Nxd4 21.
Bxd4 Bxd4 22. Qxb7 Rab8 23. Qxc7 Rxb2 24. Rad1 Qb6 25. Qxb6 Bxb6 26. a4 a5 27.
Rc1 Rf4 28. Bc6 Rfxf2 1/2-1/2

[Event "BL 1718 Speyer-Schwegenheim-Norderstedt"]
[Site "Norderstedt"]
[Date "2018.02.04"]
[Round "8.3"]
[White "Ostrovskiy, Andrey"]
[Black "Kantans, Toms"]
[Result "1/2-1/2"]
[WhiteElo "2444"]
[BlackElo "2524"]
[PlyCount "50"]
[EventDate "2018.??.??"]
[EventType "team-tourn"]
[EventRounds "15"]
[EventCountry "GER"]

1. e4 c5 2. Nf3 d6 3. d4 cxd4 4. Nxd4 Nf6 5. Nc3 a6 6. h3 e5 7. Nde2 h5 8. Bg5
Be6 9. Bxf6 Qxf6 10. Nd5 Qd8 11. Nec3 g6 12. Bc4 Bh6 13. O-O O-O 14. Bb3 Nc6
15. Qd3 Kg7 16. Rad1 Nd4 17. Ne2 Nxe2+ 18. Qxe2 Rc8 19. Rd3 Bg5 20. Nc3 b5 21.
Rfd1 Be7 22. Nd5 Bg5 23. Ne3 Be7 24. Nd5 Bg5 25. Ne3 Be7 1/2-1/2

[Event "BL 1718 Speyer-Schwegenheim-Norderstedt"]
[Site "Norderstedt"]
[Date "2018.02.04"]
[Round "8.4"]
[White "Meskovs, Nikita"]
[Black "Kopylov, Michael"]
[Result "1-0"]
[WhiteElo "2524"]
[BlackElo "2424"]
[PlyCount "61"]
[EventDate "2018.??.??"]
[EventType "team-tourn"]
[EventRounds "15"]
[EventCountry "GER"]

1. c4 e6 2. Nf3 d5 3. g3 dxc4 4. Na3 a6 5. Nxc4 b5 6. Ne3 Bb7 7. Bg2 Nf6 8. b3
Be7 9. Bb2 O-O 10. Rc1 Nbd7 11. Nd4 Bxg2 12. Nxg2 Nb8 13. O-O c5 14. Nf3 Nc6
15. Bxf6 gxf6 16. Nf4 Ne5 17. Rc3 Ng6 18. Nd3 e5 19. Nxc5 Bxc5 20. Rxc5 e4 21.
Ne1 Qd4 22. Qc2 Ne5 23. e3 Qd6 24. b4 Rad8 25. Qxe4 Qxd2 26. Nf3 Nxf3+ 27. Qxf3
Qxb4 28. Rh5 Kg7 29. Rh4 Qd6 30. Qg4+ Kh8 31. Qf5 1-0

[Event "BL 1718 Speyer-Schwegenheim-Norderstedt"]
[Site "Norderstedt"]
[Date "2018.02.04"]
[Round "8.5"]
[White "Krause, Benedict"]
[Black "Shytaj, Luca"]
[Result "0-1"]
[WhiteElo "2453"]
[BlackElo "2465"]
[PlyCount "120"]
[EventDate "2018.??.??"]
[EventType "team-tourn"]
[EventRounds "15"]
[EventCountry "GER"]

1. e4 c5 2. Nf3 d6 3. d4 Nf6 4. Nc3 cxd4 5. Nxd4 a6 6. Bg5 e6 7. f4 Qb6 8. Qd2
Nc6 9. Bxf6 gxf6 10. Nb3 h5 11. O-O-O Bd7 12. Be2 O-O-O 13. Rhf1 Kb8 14. Rf3
Ne5 15. Rh3 h4 16. Kb1 Ng6 17. Rf3 Bh6 18. g3 Bf8 19. Rd3 hxg3 20. hxg3 Rh2 21.
a3 Be7 22. Rd4 d5 23. exd5 e5 24. Rc4 Bd6 25. Na4 Bxa4 26. Rxa4 exf4 27. gxf4
Re8 28. Re1 Qe3 29. Qxe3 Rxe3 30. Nc1 Nxf4 31. Rxf4 Bxf4 32. Rf1 Be5 33. Bg4
Rg3 34. Bf5 Rhg2 35. Nd3 Rg1 36. Rxg1 Rxg1+ 37. Ka2 Rg5 38. Bh3 Rg3 39. Bf5 b5
40. Kb3 Kc7 41. c4 Rg5 42. Bh3 Rh5 43. Bg2 Rh2 44. d6+ Kxd6 45. c5+ Kc7 46. Bd5
Rd2 47. Be4 Bd4 48. a4 Re2 49. Bd5 f5 50. axb5 axb5 51. Bxf7 Rd2 52. Nf4 Bxc5
53. Kc3 Rf2 54. Nd3 Rf3 55. Be8 Kb6 56. Kd2 Bd4 57. Bh5 Rh3 58. Bg6 f4 59. Be4
Rh2+ 60. Kd1 Be3 0-1